Institucionální změny EU po přijetí ústavní smlouvy
Otázka ústavnej zmluvy a noviniek, ktoré so sebou prináša. Zmeny v Komisii. Zníženie počtu komisárov pod počet členských krajín. Komisia ako reprezentácia istej politickej rodiny. Reforma Rady a Európskej rady. Zmena v mechanizme hlasovania. Zmeny týkajúce sa Európskeho parlamentu. Reforma inštituci...
Gespeichert in:
| 1. Verfasser: | |
|---|---|
| Format: | Buchkapitel |
| Sprache: | Tschechisch |
| Schlagworte: | |
| Tags: |
Keine Tags, Fügen Sie das erste Tag hinzu!
|
MARC
| LEADER | 00000naa$a2200000$$$4500 | ||
|---|---|---|---|
| 001 | 0031139 | ||
| 005 | 20231016092035.3 | ||
| 041 | 0 | |a cze | |
| 044 | |a CZ | ||
| 245 | 1 | 0 | |a Institucionální změny EU po přijetí ústavní smlouvy |c Markéta Pitrová |
| 520 | |a Otázka ústavnej zmluvy a noviniek, ktoré so sebou prináša. Zmeny v Komisii. Zníženie počtu komisárov pod počet členských krajín. Komisia ako reprezentácia istej politickej rodiny. Reforma Rady a Európskej rady. Zmena v mechanizme hlasovania. Zmeny týkajúce sa Európskeho parlamentu. Reforma inštitucionálneho trojuholníku. Zmena princípu "nadštandardnosti" vzájomných vyjednávaní. | ||
| 610 | 2 | 0 | |a spolupráca hospodárska medzinárodná |
| 610 | 2 | 0 | |a vzťahy medzinárodné |
| 610 | 2 | 0 | |a krajiny vyspelé |
| 610 | 2 | 0 | |a ústava |
| 610 | 2 | 0 | |a Európska únia |
| 100 | 1 | |a Pitrová, Markéta | |